Hablo como hombre / (Record no. 181404)

MARC details
000 -LEADER
campo de control de longitud fija 00767nam a2200229 i 4500
001 - NÚMERO DE CONTROL
campo de control 181404
003 - IDENTIFICADOR DE NÚMERO DE CONTROL
campo de control ES-MaACL
005 - FECHA Y HORA DE LA ÚLTIMA TRANSACCIÓN
campo de control 20231010122500.0
008 - DATOS DE LONGITUD FIJA--INFORMACIÓN GENERAL
campo de control de longitud fija 130114s2002 sp | |||| ||spa d
020 ## - NÚMERO INTERNACIONAL ESTÁNDAR DEL LIBRO
Número Internacional Estándar del Libro 84-95418-19-3
080 ## - NÚMERO DE LA CLASIFICACIÓN DECIMAL UNIVERSAL
Número de la Clasificación Decimal Universal 821.134.2-4"19"
100 1# - ENTRADA PRINCIPAL--NOMBRE DE PERSONA
Nombre de persona Aub, Max,
Fechas asociadas al nombre 1903-1972
9 (RLIN) 23783
245 10 - MENCIÓN DEL TÍTULO
Título Hablo como hombre /
Mención de responsabilidad, etc. Max Aub ; edición, introducción y notas de Gonzalo Sobejano.
260 ## - PUBLICACIÓN, DISTRIBUCIÓN, ETC.
Lugar de publicación, distribución, etc. [Segorbe] :
Nombre del editor, distribuidor, etc. Fundación Max Aub,
Fecha de publicación, distribución, etc. [2002]
300 ## - DESCRIPCIÓN FÍSICA
Extensión 289 p. :
Otras características físicas 1 retr. ;
Dimensiones 18 cm.
490 1# - MENCIÓN DE SERIE
Mención de serie Biblioteca "Max Aub" ;
Designación de volumen o secuencia 10
700 0# - ENTRADA AGREGADA--NOMBRE PERSONAL
Nombre de persona Sobejano, Gonzalo.
9 (RLIN) 106979
830 0# - PUNTO DE ACCESO ADICIONAL DE SERIE-TÍTULO UNIFORME
Título uniforme Biblioteca "Max Aub" ;
Designación de volumen o secuencia 10
9 (RLIN) 191028
852 ## - LOCALIZACIÓN
Ubicación ES-MaACL
Número de control de estantería A-12414
itemnumber 188304
Sublocalización o colección R.1448336
Ubicación en estantería Depósito 1
Signatura antigua Olim: N-5419
942 ## - ELEMENTOS DE ENTRADA SECUNDARIOS (KOHA)
Fuente del sistema de clasificación o colocación Clasificación decimal universal
Tipo de ítem Koha Libro impreso
Holdings
Estatus retirado Estado de pérdida Fuente del sistema de clasificación o colocación Estado de daño No para préstamo Biblioteca de origen Biblioteca actual Ubicación en estantería Fecha de adquisición Fuente de adquisición Total de préstamos Signatura topográfica completa Código de barras Visto por última vez Precio de reemplazo Tipo de ítem Koha
    Clasificación decimal universal     Biblioteca del Ateneo de Madrid Biblioteca del Ateneo de Madrid Depósito 1 14/01/2013 Compra   A-12414 1190645 23/02/2023 23/02/2023 Libro impreso